000 00657nam a22002057a 4500
999 _c16304
_d16304
003 AR-CdUCM
008 190503b ||||| |||| 00| 0 spa d
040 _aMUNICIPALIDAD PROVINCIAL DEL CUSCO
_cBIBLIOTECA MUNICIPAL DEL CUSCO
082 _a869.201 /
_bM89
100 _aMuloni, Nelson Francisco
_935671
245 _aLos ruidos ajenos /
260 _aArgentina :
_bTunparenda,
_c1983.
300 _a105 páginas ;
_c22 cm.
505 _aContenido : I El amor -- Los andenes -- Epitafio -- Cuestiones -- Mi niñez ...
650 _aLiteratura
_983
650 _aPoemas
_9929
650 _aSiglo XX
_98
942 _2ddc
_cLIBROS
945 _arah
_d03/05/2019